Slovak Retail Summit
Stručné informácie o 21. ročníku konferencie Slovak Retail Summit, ktorá sa uskutočnila koncom apríla 2017 v Bratislave.
Guardado en:
| Autor principal: | |
|---|---|
| Formato: | Capítulo de libro |
| Lenguaje: | eslovaco |
| Materias: | |
| Etiquetas: |
Sin Etiquetas, Sea el primero en etiquetar este registro!
|
MARC
| LEADER | 00000naa a2200000 4500 | ||
|---|---|---|---|
| 001 | 0234129 | ||
| 005 | 20200305103338.6 | ||
| 041 | 0 | |a slo | |
| 044 | |a CZ | ||
| 245 | 1 | 0 | |a Slovak Retail Summit |c Veronika Mišíková |
| 520 | |a Stručné informácie o 21. ročníku konferencie Slovak Retail Summit, ktorá sa uskutočnila koncom apríla 2017 v Bratislave. | ||
| 610 | 2 | 0 | |a maloobchod |
| 610 | 2 | 0 | |a konferencie |
| 610 | 2 | 0 | |a Slovensko |
| 100 | 1 | |a Mišíková, Veronika | |